Goodness-of-fit tests of generalized linear mixed models for repeated ordinal responses

Saved in:  
Bibliographic Details
Authors: Lin, Kuo-Chin (Author) ; Chen, Yi-ju (Author)
Format: Electronic Article
Language:English
Published: 2016
In: Journal of applied statistics
Year: 2016, Volume: 43, Issue: 11, Pages: 2053-2064
Online Access: Volltext (lizenzpflichtig)
Check availability: HBZ Gateway

MARC

LEADER 00000caa a22000002c 4500
001 1912568594
003 DE-627
005 20250115054959.0
007 cr uuu---uuuuu
008 241217s2016 xx |||||o 00| ||eng c
024 7 |a 10.1080/02664763.2015.1126568  |2 doi 
035 |a (DE-627)1912568594 
035 |a (DE-599)KXP1912568594 
040 |a DE-627  |b ger  |c DE-627  |e rda 
041 |a eng 
084 |a 2,1  |2 ssgn 
100 1 |a Lin, Kuo-Chin  |e VerfasserIn  |4 aut 
245 1 0 |a Goodness-of-fit tests of generalized linear mixed models for repeated ordinal responses 
264 1 |c 2016 
336 |a Text  |b txt  |2 rdacontent 
337 |a Computermedien  |b c  |2 rdamedia 
338 |a Online-Ressource  |b cr  |2 rdacarrier 
700 1 |a Chen, Yi-ju  |e VerfasserIn  |4 aut 
773 0 8 |i Enthalten in  |t Journal of applied statistics  |d Abingdon [u.a.] : Taylor & Francis, Taylor & Francis Group, 1974  |g 43(2016), 11, Seite 2053-2064  |h Online-Ressource  |w (DE-627)270130462  |w (DE-600)1476802-1  |w (DE-576)263252973  |x 1360-0532  |7 nnas 
773 1 8 |g volume:43  |g year:2016  |g number:11  |g pages:2053-2064 
856 4 0 |u https://doi.org/10.1080/02664763.2015.1126568  |x Resolving-System  |z lizenzpflichtig  |3 Volltext  |7 1 
935 |a mkri 
951 |a AR 
ELC |a 1 
LOK |0 000 xxxxxcx a22 zn 4500 
LOK |0 001 4637534097 
LOK |0 003 DE-627 
LOK |0 004 1912568594 
LOK |0 005 20241217044522 
LOK |0 008 241217||||||||||||||||ger||||||| 
LOK |0 035   |a (DE-2619)ICPSR125457 
LOK |0 040   |a DE-2619  |c DE-627  |d DE-2619 
LOK |0 092   |o n 
LOK |0 852   |a DE-2619 
LOK |0 852 1  |9 00 
LOK |0 935   |a nacp 
LOK |0 939   |a 17-12-24  |b l01 
ORI |a SA-MARC-krimdoka001.raw